000 00325nam a2200133Ia 4500
005 20260328104251.0
008 260328s9999||||xx |||||||||||||| ||und||
100 _aWeiwei, Ai
245 0 _aAi Weiwei/art/ Architecture /
_cAi Weiwei
260 _bKunsthaus Bregenz
300 _a196 p.
650 _aARQUITECTOS
942 _cBK
999 _c10244
_d10244